| 000 | 01013nam a22003377a 4500 | ||
|---|---|---|---|
| 001 | BR6009077 | ||
| 003 | BR-BrBNA | ||
| 005 | 20230928083316.0 | ||
| 007 | ta | ||
| 008 | 230509b bl.||||| |||| 00| 0 por d | ||
| 040 |
_aBR-BrBNA _bpor _cBiblioteca Nacional de Agricultura |
||
| 041 | _a(Por) | ||
| 072 |
_aL00 _b5212 _b5240 _b/G514 |
||
| 090 | _ 5212 BR6009077 | ||
| 100 | 1 | _aDias, D. | |
| 100 | 1 | _aSilva, I.A.C.D. da | |
| 100 | 1 | _aFreitas, C. | |
| 100 | 1 | _aGoedert, C.O. | |
| 110 | 1 |
_aSociedade da Agricultura, Porto Alegre, RS (Brasil) _99851 |
|
| 245 | 1 | _aDelimitacao de uma regiao onde sera feita uma pesquisa sobre a produtividade das pecuarias de corte e de la [Bovino; Ovino; Rio Grande do Sul; Brasil] | |
| 260 | 3 |
_aPorto Alegre, RS (Brasil): _c[nd]. |
|
| 300 | _a21 p. | ||
| 500 | _a10 tables | ||
| 650 | _aProducao animal | ||
| 650 | _aBovino | ||
| 650 | _aOvino | ||
| 650 | _aProdutividade | ||
| 650 | _aRio Grande do Sul | ||
| 909 |
_a202309 _bLucia _c55 _dLucia Elande |
||
| 942 | _cBK | ||
| 999 |
_c12711 _d12711 |
||